[Event "Paul Keres mem. (45th) Online"]
[Site "chess.com"]
[Date "2021.05.22"]
[Round "1.9"]
[White "Cheng, Clement"]
[Black "Windram, James"]
[Result "0-1"]
[WhiteElo "1510"]
[BlackElo "1887"]
[PlyCount "118"]
[EventDate "2021.05.22"]
[EventType "swiss (rapid)"]
[EventRounds "6"]
[EventCountry "CAN"]

1. e4 c5 2. Nf3 Nc6 3. Bb5 e6 4. d4 cxd4 5. Nxd4 Nxd4 6. Qxd4 a6 7. Ba4 b5 8.
Bb3 Ne7 9. Be3 Nc6 10. Qd1 Be7 11. Nc3 Qc7 12. Qg4 Bf6 13. f4 h5 14. Qg3 Bb7
15. e5 Nxe5 16. fxe5 Bxe5 17. Qg5 Bf6 18. Qc5 Qxc5 19. Bxc5 Rc8 20. Bb4 Bxg2
21. Rg1 Bb7 22. O-O-O h4 23. h3 Rh5 24. Rdf1 Rg5 25. Kb1 Rg2 26. Rxg2 Bxg2 27.
Rg1 Bf3 28. a4 Bc6 29. axb5 axb5 30. Re1 Be7 31. Bxe7 Kxe7 32. Nd5+ Bxd5 33.
Bxd5 Rc5 34. Bb3 g5 35. Rg1 Kf6 36. c3 Kg6 37. Bc2+ f5 38. Rd1 d5 39. Re1 Kf6
40. Bb3 Rc7 41. Kc2 g4 42. hxg4 fxg4 43. Kd3 g3 44. Rg1 Kg5 45. Ke3 Rf7 46. Bd1
Rf2 47. Be2 e5 48. b4 d4+ 49. cxd4 exd4+ 50. Kd2 Kf4 51. Ke1 h3 52. Bxb5 h2 53.
Rh1 Ra2 54. Bc6 Ke3 55. Kd1 Ra1+ 56. Kc2 d3+ 57. Kb2 Rxh1 58. Bxh1 d2 59. Kc2
Ke2 0-1

[Event "Paul Keres mem. (45th) Online"]
[Site "chess.com"]
[Date "2021.05.22"]
[Round "1.10"]
[White "Yang, Jingyun (Ryan)"]
[Black "Jackson, Mateo"]
[Result "1-0"]
[WhiteElo "1782"]
[BlackElo "1500"]
[PlyCount "49"]
[EventDate "2021.05.22"]
[EventType "swiss (rapid)"]
[EventRounds "6"]
[EventCountry "CAN"]

1. e4 c5 2. Nf3 Nc6 3. d4 cxd4 4. Nxd4 g6 5. c4 Bg7 6. Be3 Nf6 7. Nc3 O-O 8. f3
d6 9. Be2 Bd7 10. O-O Qb6 11. b3 Nxe4 12. Nd5 Qc5 13. Nxc6 Qxc6 14. Nxe7+ Kh8
15. Nxc6 Bxc6 16. fxe4 Rae8 17. Bd4 Rxe4 18. Bxg7+ Kxg7 19. Bf3 Ree8 20. Bxc6
bxc6 21. Qxd6 Rc8 22. Rae1 Rfd8 23. Qf6+ Kg8 24. Qxf7+ Kh8 25. Re7 1-0

[Event "Paul Keres mem. (45th) Online"]
[Site "chess.com"]
[Date "2021.05.22"]
[Round "2.1"]
[White "Landstrom, William"]
[Black "Kenney, Jason"]
[Result "0-1"]
[WhiteElo "1737"]
[BlackElo "2270"]
[PlyCount "70"]
[EventDate "2021.05.22"]
[EventType "swiss (rapid)"]
[EventRounds "6"]
[EventCountry "CAN"]

1. e4 c6 2. d4 d5 3. e5 Bf5 4. c3 e6 5. Nd2 c5 6. Ngf3 Nc6 7. Be2 cxd4 8. cxd4
Bb4 9. a3 Ba5 10. b4 Bb6 11. Nb3 Nge7 12. h3 Be4 13. Be3 Bxf3 14. Bxf3 Nf5 15.
Nc5 Bxc5 16. bxc5 Qa5+ 17. Ke2 Qc3 18. Qa4 Nfxd4+ 19. Bxd4 Qxd4 20. Qxd4 Nxd4+
21. Kd3 Nb3 22. Rab1 Nxc5+ 23. Kd4 b6 24. Rhc1 Rc8 25. Be2 Nb3+ 26. Rxb3 Rxc1
27. Bb5+ Ke7 28. a4 Rhc8 29. Ba6 R8c5 30. Bb5 f6 31. exf6+ gxf6 32. Rg3 e5+ 33.
Ke3 R5c3+ 34. Ke2 Rxg3 35. fxg3 e4 0-1

[Event "Paul Keres mem. (45th) Online"]
[Site "chess.com"]
[Date "2021.05.22"]
[Round "2.2"]
[White "Huang, Patrick"]
[Black "Parratt, Mark"]
[Result "1-0"]
[WhiteElo "2122"]
[BlackElo "1669"]
[PlyCount "87"]
[EventDate "2021.05.22"]
[EventType "swiss (rapid)"]
[EventRounds "6"]
[EventCountry "CAN"]

1. d4 Nf6 2. Bf4 g6 3. Nc3 Bg7 4. e4 d6 5. Qd2 h6 6. f3 Nbd7 7. O-O-O Nb6 8. g4
g5 9. Be3 Bd7 10. h4 gxh4 11. Rxh4 Ng8 12. Rh1 e6 13. Nh3 Qe7 14. Nf4 O-O-O 15.
Nh5 Bf8 16. Be2 Kb8 17. Ng3 Bg7 18. Nh5 Bf8 19. Rh2 f5 20. Rdh1 fxg4 21. fxg4
e5 22. d5 Qf7 23. Ng3 Qg6 24. g5 Bg7 25. Bh5 Qh7 26. g6 Nc4 27. Qd3 Nxe3 28.
gxh7 Nf6 29. Qxe3 Nxh7 30. Bg6 Ng5 31. Nf5 Bxf5 32. Bxf5 Rdf8 33. Nb5 b6 34.
Qa3 a5 35. b4 Kb7 36. Qc3 Rf7 37. Qc6+ Kb8 38. bxa5 bxa5 39. Qa6 c5 40. dxc6
Nf3 41. Bd7 Rxd7 42. cxd7 Nxh2 43. Qb6+ Ka8 44. Nc7# 1-0

[Event "Paul Keres mem. (45th) Online"]
[Site "chess.com"]
[Date "2021.05.22"]
[Round "2.3"]
[White "Tang, Edward"]
[Black "Haessel, Dale"]
[Result "0-1"]
[WhiteElo "1697"]
[BlackElo "2055"]
[PlyCount "122"]
[EventDate "2021.05.22"]
[EventType "swiss (rapid)"]
[EventRounds "6"]
[EventCountry "CAN"]

1. d4 Nf6 2. c4 g6 3. Nc3 d5 4. Nf3 Bg7 5. Qb3 dxc4 6. Qxc4 O-O 7. e4 Bg4 8.
Be3 Nc6 9. Rd1 e5 10. dxe5 Nd7 11. Be2 Bxf3 12. gxf3 Ncxe5 13. Qd5 Nb6 14. Qxd8
Rfxd8 15. f4 Nec4 16. Bc1 Rxd1+ 17. Kxd1 c6 18. Kc2 Re8 19. Bd3 Bd4 20. Rf1 Nd6
21. f3 f5 22. Re1 Kf7 23. Re2 Bg7 24. b3 Bd4 25. Ba3 Rd8 26. Nd1 Nb5 27. Bb4 c5
28. Bc3 Nxc3 29. Nxc3 Kf6 30. Nb5 Bg1 31. Bc4 Nxc4 32. bxc4 a6 33. e5+ Ke7 34.
Nc3 Rd4 35. Nd5+ Ke6 36. Kc3 Rd1 37. Rd2 Bd4+ 38. Kc2 Ra1 39. Kd3 Re1 40. Re2
Rd1+ 41. Rd2 Rc1 42. Rc2 Rb1 43. Nc3 Rf1 44. Ke2 Rf2+ 45. Kd1 Rxf3 46. Ne2 Rf1+
47. Kd2 Rf2 48. Kd3 Rf3+ 49. Kd2 Be3+ 50. Ke1 Bxf4 51. Rb2 Bxh2 52. Rxb7 Bxe5
53. Rxh7 Ra3 54. Nc1 Rc3 55. Nb3 Rxc4 56. Ra7 g5 57. Rxa6+ Kd5 58. a4 g4 59.
Kf2 f4 60. Ra8 g3+ 61. Kg2 Rc2+ 0-1

[Event "Paul Keres mem. (45th) Online"]
[Site "chess.com"]
[Date "2021.05.22"]
[Round "2.4"]
[White "Brown, Gabriel"]
[Black "Wang, Steven"]
[Result "1/2-1/2"]
[WhiteElo "2053"]
[BlackElo "1660"]
[PlyCount "138"]
[EventDate "2021.05.22"]
[EventType "swiss (rapid)"]
[EventRounds "6"]
[EventCountry "CAN"]

1. c4 Nf6 2. Nc3 g6 3. e4 d6 4. d4 Bg7 5. Nf3 O-O 6. Be2 Nbd7 7. O-O c5 8. Be3
b6 9. Qd2 Bb7 10. d5 Re8 11. Ne1 e6 12. dxe6 fxe6 13. f3 Ne5 14. Rd1 Nf7 15.
Nc2 a6 16. Bf4 d5 17. cxd5 exd5 18. exd5 Nxd5 19. Nxd5 Qxd5 20. b3 Rad8 21.
Qxd5 Rxd5 22. Bc4 Rf5 23. Bg3 b5 24. Bd3 Rd5 25. Rfe1 Red8 26. Be2 Rxd1 27.
Rxd1 Rxd1+ 28. Bxd1 Be5 29. Bf2 Bd6 30. Ne3 Ne5 31. Bc2 Kf7 32. Bg3 Ke6 33. f4
Nd7 34. f5+ gxf5 35. Bxf5+ Ke7 36. Bh4+ Ke8 37. Bxh7 Ne5 38. Bg3 Kf7 39. Kf2
Ke6 40. Bg8+ Kf6 41. Bd5 Bxd5 42. Nxd5+ Ke6 43. Ne3 Nd3+ 44. Kf3 Bxg3 45. Kxg3
a5 46. Nd1 Nc1 47. Nc3 b4 48. Na4 Kd5 49. Kf4 Nxa2 50. h4 Nc1 51. h5 Ke6 52.
Nxc5+ Kf6 53. g4 Kg7 54. g5 a4 55. bxa4 b3 56. Nxb3 Nxb3 57. Kf5 Nd4+ 58. Ke4
Ne6 59. g6 Nc5+ 60. Kf5 Nxa4 61. Kg5 Nc5 62. h6+ Kg8 63. g7 Kf7 64. Kf5 Ne6 65.
Ke5 Ng5 66. Kf5 Ne6 67. Ke5 Ng5 68. h7 Nxh7 69. g8=Q+ Kxg8 1/2-1/2

[Event "Paul Keres mem. (45th) Online"]
[Site "chess.com"]
[Date "2021.05.22"]
[Round "2.5"]
[White "Guo, Veronica (Yu Han)"]
[Black "Qiu, Peter Yong"]
[Result "0-1"]
[WhiteElo "1665"]
[BlackElo "2025"]
[PlyCount "66"]
[EventDate "2021.05.22"]
[EventType "swiss (rapid)"]
[EventRounds "6"]
[EventCountry "CAN"]

1. d4 d5 2. Nf3 Nf6 3. e3 e6 4. Bd3 c5 5. b3 a6 6. Bb2 Nc6 7. Nbd2 b5 8. c4
cxd4 9. Nxd4 dxc4 10. bxc4 Nxd4 11. Bxd4 e5 12. Qf3 Bg4 13. Bb6 Bxf3 14. Bxd8
Rxd8 15. Nxf3 Rxd3 16. Nxe5 Bb4+ 17. Ke2 Rd2+ 18. Kf3 Bc3 19. Rab1 Bxe5 20.
cxb5 O-O 21. bxa6 Rxa2 22. Rb5 Re8 23. Rc1 Rxa6 24. g4 h6 25. h4 h5 26. gxh5
Ra4 27. Rcc5 Bb8 28. Rg5 Rxh4 29. Rb1 Rxh5 30. Rg2 Rf5+ 31. Ke2 Ne4 32. Rbg1 g6
33. Rh2 Bxh2 0-1

[Event "Paul Keres mem. (45th) Online"]
[Site "chess.com"]
[Date "2021.05.22"]
[Round "2.6"]
[White "Kot, Emanuel"]
[Black "Morin, Sato"]
[Result "1-0"]
[WhiteElo "1975"]
[BlackElo "1640"]
[PlyCount "45"]
[EventDate "2021.05.22"]
[EventType "swiss (rapid)"]
[EventRounds "6"]
[EventCountry "CAN"]

1. e4 d5 2. exd5 Qxd5 3. Nc3 Qa5 4. d4 Nf6 5. Bc4 Bf5 6. Bd2 c6 7. Nd5 Qd8 8.
Nxf6+ exf6 9. c3 Be7 10. Qb3 O-O 11. a4 Qc7 12. Ne2 Nd7 13. Ng3 Bg6 14. O-O b5
15. axb5 cxb5 16. Bxb5 Rfb8 17. c4 a6 18. Qf3 Qc8 19. Bxd7 Qxd7 20. Bc3 Qc8 21.
c5 Bd8 22. Rfe1 f5 23. Re8# 1-0

[Event "Paul Keres mem. (45th) Online"]
[Site "chess.com"]
[Date "2021.05.22"]
[Round "2.7"]
[White "Qin, Kaiqi"]
[Black "Wu, Jonathan"]
[Result "1/2-1/2"]
[WhiteElo "2168"]
[BlackElo "1621"]
[PlyCount "32"]
[EventDate "2021.05.22"]
[EventType "swiss (rapid)"]
[EventRounds "6"]
[EventCountry "CAN"]

1. d4 Nf6 2. c4 g6 3. Nc3 d5 4. Bf4 Bg7 5. e3 O-O 6. Nf3 c5 7. Nb5 Na6 8. Be2
Bf5 9. O-O cxd4 10. Nfxd4 Bd7 11. Be5 dxc4 12. Bxc4 Rc8 13. Rc1 Qb6 14. Qe2 Nb4
15. Bc7 Rxc7 16. Nxc7 e6 1/2-1/2

[Event "Paul Keres mem. (45th) Online"]
[Site "chess.com"]
[Date "2021.05.22"]
[Round "2.8"]
[White "Windram, James"]
[Black "Caluza, Severo (Juni)"]
[Result "1-0"]
[WhiteElo "1887"]
[BlackElo "1615"]
[PlyCount "59"]
[EventDate "2021.05.22"]
[EventType "swiss (rapid)"]
[EventRounds "6"]
[EventCountry "CAN"]

1. e4 c6 2. d4 d5 3. e5 c5 4. Nf3 cxd4 5. Nxd4 e6 6. Be2 Nc6 7. Nxc6 bxc6 8.
O-O Ne7 9. Nd2 c5 10. c4 Ng6 11. f4 Be7 12. Kh1 dxc4 13. Bf3 Rb8 14. Nxc4 Qxd1
15. Rxd1 O-O 16. b3 Ba6 17. Be2 Bxc4 18. Bxc4 Rfd8 19. Be3 Nf8 20. a4 Nd7 21.
a5 Kf8 22. g3 Rb7 23. Rd2 Nb8 24. Rxd8+ Bxd8 25. Bxc5+ Ke8 26. a6 Rc7 27. Bb5+
Nd7 28. Bd6 Rc2 29. Rd1 Bc7 30. Bb4 1-0

[Event "Paul Keres mem. (45th) Online"]
[Site "chess.com"]
[Date "2021.05.22"]
[Round "2.9"]
[White "Zhang, Joyce"]
[Black "Yang, Jingyun (Ryan)"]
[Result "0-1"]
[WhiteElo "1611"]
[BlackElo "1782"]
[PlyCount "128"]
[EventDate "2021.05.22"]
[EventType "swiss (rapid)"]
[EventRounds "6"]
[EventCountry "CAN"]

1. e4 e5 2. Nf3 Nc6 3. Bb5 Nf6 4. d3 a6 5. Ba4 Bc5 6. c3 b5 7. Bb3 d6 8. h3 O-O
9. O-O Bb6 10. Re1 Na5 11. Bc2 c5 12. d4 Nc6 13. Be3 Qc7 14. d5 Na5 15. Nbd2 c4
16. Nf1 Nb7 17. Ng3 Bxe3 18. Rxe3 Nc5 19. Nf5 Bxf5 20. exf5 Qb7 21. Ng5 Qxd5
22. Qe2 h6 23. Ne4 Ncxe4 24. Bxe4 Nxe4 25. Rxe4 f6 26. Rd1 Qc6 27. Rg4 Rfd8 28.
Rg6 Kh7 29. Rg3 Qb7 30. Qh5 d5 31. Qg6+ Kh8 32. Rg4 Rd6 33. Rh4 Rf8 34. Qg4
Rfd8 35. Qf3 Qf7 36. Kh2 d4 37. cxd4 Rxd4 38. Rhxd4 exd4 39. Qc6 Qa7 40. Re1
Qb8+ 41. g3 Qd6 42. Qf3 d3 43. Re6 Qd5 44. Re8+ Kh7 45. Qh5 Rxe8 46. Qg6+ Kh8
47. Qxe8+ Qg8 48. Qd7 Qb8 49. Kg2 Qa8+ 50. f3 Qb8 51. h4 Qe5 52. Qe6 Qxe6 53.
fxe6 Kg8 54. Kf2 Kf8 55. f4 f5 56. Ke3 Ke7 57. Kd2 Kxe6 58. a3 Kf6 59. b3 Kg6
60. bxc4 bxc4 61. Ke3 Kh5 62. Kf3 c3 63. Ke3 c2 64. Kd2 Kg4 0-1

[Event "Paul Keres mem. (45th) Online"]
[Site "chess.com"]
[Date "2021.05.22"]
[Round "2.10"]
[White "Kagaoan, Jose"]
[Black "Sly, Doug"]
[Result "1-0"]
[WhiteElo "1755"]
[BlackElo "1386"]
[PlyCount "39"]
[EventDate "2021.05.22"]
[EventType "swiss (rapid)"]
[EventRounds "6"]
[EventCountry "CAN"]

1. e4 d6 2. Nc3 e5 3. Nf3 Nf6 4. d4 exd4 5. Qxd4 Nc6 6. Bb5 Bd7 7. Bxc6 Bxc6 8.
Bg5 Be7 9. O-O-O O-O 10. Rhe1 h6 11. Bh4 Re8 12. Qc4 Nxe4 13. Bxe7 Rxe7 14.
Nxe4 d5 15. Qc3 Qe8 16. Ng3 Rd8 17. Nf5 d4 18. Nxe7+ Qxe7 19. Rxe7 dxc3 20.
Rxd8+ 1-0

[Event "Paul Keres mem. (45th) Online"]
[Site "chess.com"]
[Date "2021.05.22"]
[Round "3.1"]
[White "Yang, Jingyun (Ryan)"]
[Black "Huang, Patrick"]
[Result "0-1"]
[WhiteElo "1782"]
[BlackElo "2122"]
[PlyCount "102"]
[EventDate "2021.05.22"]
[EventType "swiss (rapid)"]
[EventRounds "6"]
[EventCountry "CAN"]

1. e4 g6 2. d4 Bg7 3. Nf3 d6 4. c4 e5 5. dxe5 dxe5 6. Qxd8+ Kxd8 7. Nc3 f6 8.
Be3 Be6 9. O-O-O+ Nd7 10. Be2 c6 11. Rd6 Ke7 12. Rhd1 Bh6 13. Bxh6 Nxh6 14. Ne1
Nf7 15. R6d2 a5 16. Nc2 Nc5 17. b3 Rhd8 18. Ne1 Nd6 19. Nd3 Ncxe4 20. Nxe4 Nxe4
21. Rc2 Nd6 22. f3 Nf5 23. Nc5 Nd4 24. Rcd2 b6 25. Ne4 a4 26. Kb2 Nxe2 27. Rxe2
Rxd1 28. Nc3 a3+ 29. Kc2 Rd4 30. g4 g5 31. Nb1 Bf7 32. Kc1 Bg6 33. Nd2 Rad8 34.
h3 Rd3 35. f4 gxf4 36. g5 Rxd2 37. gxf6+ Kxf6 38. Rxd2 Rxd2 39. Kxd2 Bb1 40. c5
bxc5 41. b4 cxb4 42. h4 Bxa2 43. h5 Bf7 44. h6 a2 45. Kd3 a1=Q 46. Ke4 Bd5+ 47.
Kd3 Qc3+ 48. Ke2 Bf3+ 49. Kf2 Qe3+ 50. Kf1 Qe2+ 51. Kg1 Qg2# 0-1

[Event "Paul Keres mem. (45th) Online"]
[Site "chess.com"]
[Date "2021.05.22"]
[Round "3.2"]
[White "Haessel, Dale"]
[Black "Windram, James"]
[Result "1-0"]
[WhiteElo "2055"]
[BlackElo "1887"]
[PlyCount "71"]
[EventDate "2021.05.22"]
[EventType "swiss (rapid)"]
[EventRounds "6"]
[EventCountry "CAN"]

1. d4 Nf6 2. c4 e6 3. Nc3 Bb4 4. e3 O-O 5. Bd3 d5 6. cxd5 exd5 7. Nge2 Bd6 8.
O-O c5 9. Nb5 Be7 10. dxc5 Na6 11. b3 Nxc5 12. Bc2 Be6 13. Bb2 a6 14. Nbd4 Rc8
15. Nf4 Qd7 16. f3 b5 17. Qe2 Bd6 18. Rfd1 b4 19. a3 Rb8 20. axb4 Rxb4 21. Bc3
Rbb8 22. b4 Nb7 23. Qd3 g6 24. Rxa6 Bxf4 25. exf4 Nd6 26. Ba4 Qb7 27. Rxd6 Rbc8
28. Nxe6 fxe6 29. Rxe6 Rxc3 30. Qxc3 Qa7+ 31. Qd4 Qxa4 32. Ra1 Qc2 33. Rxf6 Re8
34. Qxd5+ Kg7 35. Rf7+ Kg8 36. Rc7+ 1-0

[Event "Paul Keres mem. (45th) Online"]
[Site "chess.com"]
[Date "2021.05.22"]
[Round "3.3"]
[White "Qiu, Peter Yong"]
[Black "Kagaoan, Jose"]
[Result "1-0"]
[WhiteElo "2025"]
[BlackElo "1755"]
[PlyCount "77"]
[EventDate "2021.05.22"]
[EventType "swiss (rapid)"]
[EventRounds "6"]
[EventCountry "CAN"]

1. e4 g6 2. d4 Nf6 3. Nc3 d5 4. e5 Ne4 5. Nxe4 dxe4 6. Be3 Bg7 7. f4 exf3 8.
Nxf3 O-O 9. Be2 Nc6 10. O-O Bf5 11. c3 Qd7 12. a4 Rad8 13. a5 a6 14. Bc4 Be6
15. Bxe6 Qxe6 16. Bf4 h6 17. b4 g5 18. Bg3 f6 19. exf6 exf6 20. Bxc7 Qe3+ 21.
Kh1 Rd7 22. Qb3+ Kh8 23. Bb6 Qe8 24. Rfe1 Qh5 25. d5 Ne5 26. c4 Nxf3 27. Qxf3
g4 28. Qd3 f5 29. Rac1 f4 30. Bc5 g3 31. h3 Rg8 32. Bd4 Rf7 33. d6 f3 34. Bxg7+
Rgxg7 35. Re8+ Rg8 36. Rxg8+ Kxg8 37. d7 fxg2+ 38. Kg1 Qxh3 39. Qg6+ 1-0

[Event "Paul Keres mem. (45th) Online"]
[Site "chess.com"]
[Date "2021.05.22"]
[Round "3.4"]
[White "Wu, Jonathan"]
[Black "Pan, Kane"]
[Result "1/2-1/2"]
[WhiteElo "1911"]
[BlackElo "1348"]
[PlyCount "87"]
[EventDate "2021.05.22"]
[EventType "swiss (rapid)"]
[EventRounds "6"]
[EventCountry "CAN"]

1. e4 c5 2. Nc3 Nc6 3. Bb5 Nd4 4. Nf3 Nxb5 5. Nxb5 d6 6. d4 Nf6 7. Nc3 cxd4 8.
Nxd4 g6 9. f3 Bg7 10. Be3 O-O 11. Qd2 a6 12. O-O-O Bd7 13. h4 h5 14. Rdg1 b5
15. g4 e6 16. gxh5 Nxh5 17. Bh6 Qf6 18. Nce2 Rac8 19. Bxg7 Kxg7 20. Rg5 Rh8 21.
Kb1 Rc4 22. Rhg1 Kf8 23. Nb3 Qe7 24. Na5 Rc7 25. Qd4 e5 26. Qb6 Be6 27. Rd1 Nf6
28. Nc6 Rb7 29. Qxa6 Qc7 30. Nb4 Rb6 31. Qa3 Rxh4 32. Rgg1 Qc5 33. Qa8+ Kg7 34.
Rh1 Rh3 35. Rxh3 Bxh3 36. Rh1 Qxb4 37. Rxh3 Qe1+ 38. Nc1 Nh5 39. Qd8 Qe3 40.
Qc8 Qc5 41. Qxc5 dxc5 42. Rh1 Nf4 43. Nd3 Nxd3 44. cxd3 1/2-1/2

[Event "Paul Keres mem. (45th) Online"]
[Site "chess.com"]
[Date "2021.05.22"]
[Round "3.5"]
[White "Wang, Steven"]
[Black "McLaren, Brian"]
[Result "0-1"]
[WhiteElo "1660"]
[BlackElo "2244"]
[PlyCount "48"]
[EventDate "2021.05.22"]
[EventType "swiss (rapid)"]
[EventRounds "6"]
[EventCountry "CAN"]

1. e4 Nf6 2. e5 Nd5 3. c4 Nb6 4. d4 d6 5. f4 g6 6. Nf3 Bg7 7. Nc3 Be6 8. d5 Bg4
9. Be2 Bxf3 10. Bxf3 dxe5 11. c5 N6d7 12. c6 bxc6 13. dxc6 Nb6 14. Qxd8+ Kxd8
15. O-O Kc8 16. Re1 Na6 17. fxe5 Nb4 18. Be4 Bxe5 19. Bd2 Bd4+ 20. Kh1 f5 21.
Bb1 Nxc6 22. a3 Nc4 23. Bg5 Nxb2 24. Ba2 Bxc3 0-1

[Event "Paul Keres mem. (45th) Online"]
[Site "chess.com"]
[Date "2021.05.22"]
[Round "3.6"]
[White "Imoo, Joshua"]
[Black "Brown, Gabriel"]
[Result "0-1"]
[WhiteElo "1571"]
[BlackElo "2053"]
[PlyCount "108"]
[EventDate "2021.05.22"]
[EventType "swiss (rapid)"]
[EventRounds "6"]
[EventCountry "CAN"]

1. e4 c5 2. Nc3 Nc6 3. f4 g6 4. Nf3 Bg7 5. Bb5 Nd4 6. O-O e6 7. d3 Ne7 8. Ng5
O-O 9. f5 gxf5 10. exf5 Nexf5 11. Qh5 h6 12. Nh3 Qh4 13. Qd1 a6 14. Bc4 b5 15.
Bb3 Nxb3 16. axb3 Bd4+ 17. Kh1 Bb7 18. Ne4 Be3 19. Qf3 Bxc1 20. Raxc1 Kh8 21.
g4 Nd4 22. Qf6+ Qxf6 23. Rxf6 Kg7 24. Rf2 f5 25. gxf5 exf5 26. Rg1+ Kh8 27.
Rgf1 Kg7 28. Rg2+ Kh8 29. Rgf2 Rg8 30. Rxf5 Nxf5 31. Rxf5 Raf8 32. Rxf8 Rxf8
33. Kg1 Bxe4 34. dxe4 c4 35. b4 a5 36. bxa5 Ra8 37. Nf4 Rxa5 38. Ng6+ Kg7 39.
Ne5 d6 40. Ng4 Ra2 41. Ne3 Kf6 42. b3 cxb3 43. cxb3 h5 44. Nd5+ Ke5 45. Nc3 Rb2
46. Nxb5 Rxb3 47. Nc7 Rb2 48. Ne8 Rd2 49. Ng7 h4 50. Nf5 h3 51. Ng3 Kf4 52. Nf1
Ra2 53. Ng3 Kf3 54. Nf1 Ra1 0-1

[Event "Paul Keres mem. (45th) Online"]
[Site "chess.com"]
[Date "2021.05.22"]
[Round "3.7"]
[White "Qiu, Andrew Yu"]
[Black "Qin, Kaiqi"]
[Result "0-1"]
[WhiteElo "1747"]
[BlackElo "1621"]
[PlyCount "42"]
[EventDate "2021.05.22"]
[EventType "swiss (rapid)"]
[EventRounds "6"]
[EventCountry "CAN"]

1. e4 c5 2. Nf3 d6 3. d4 cxd4 4. Nxd4 Nf6 5. Nc3 a6 6. Be2 b5 7. f3 Bb7 8. a3
g6 9. Be3 Bg7 10. Qd2 Nbd7 11. O-O-O Rc8 12. g4 Ne5 13. Bh6 O-O 14. h4 Nc4 15.
Bxc4 Rxc4 16. Nde2 b4 17. axb4 Rxb4 18. h5 Qa5 19. Kb1 Rb8 20. Na2 Rxb2+ 21.
Kxb2 Bd5+ 0-1

[Event "Paul Keres mem. (45th) Online"]
[Site "chess.com"]
[Date "2021.05.22"]
[Round "3.8"]
[White "Liu, Zachary"]
[Black "Landstrom, William"]
[Result "0-1"]
[WhiteElo "1569"]
[BlackElo "1737"]
[PlyCount "136"]
[EventDate "2021.05.22"]
[EventType "swiss (rapid)"]
[EventRounds "6"]
[EventCountry "CAN"]

1. e4 d6 2. d4 Nf6 3. Nc3 e5 4. dxe5 dxe5 5. Qxd8+ Kxd8 6. Nf3 Bd6 7. Bc4 Ke7
8. Bg5 Be6 9. Nd5+ Bxd5 10. Bxd5 c6 11. Bb3 Nbd7 12. O-O-O Nc5 13. Rhe1 Rad8
14. Nd2 h6 15. Bh4 g5 16. Bg3 b5 17. f3 a5 18. a3 Rd7 19. Nf1 Nh5 20. Bf2 Rhd8
21. Ne3 Ng7 22. h4 Nxb3+ 23. cxb3 Ke6 24. Nc2 Nh5 25. Rh1 Nf4 26. g3 Ng6 27. h5
Ne7 28. g4 f6 29. Rd2 c5 30. Rhd1 Nc6 31. Be3 Nd4 32. Rd3 c4 33. Nxd4+ exd4 34.
bxc4 dxe3 35. Kc2 e2 36. Re1 b4 37. Rxe2 bxa3 38. bxa3 Bc5 39. Rb3 Rd4 40. Rc3
Ke5 41. Rh2 a4 42. Re2 Rb8 43. Re1 Rbd8 44. Re2 Rd1 45. Rg2 Rf1 46. Rd2 Rxd2+
47. Kxd2 Rf2+ 48. Kd1 Ra2 49. Rd3 Bxa3 50. Rd5+ Ke6 51. c5 Ra1+ 52. Kc2 Rc1+
53. Kd2 Rxc5 54. Rd3 Bb4+ 55. Kd1 a3 56. Ke2 a2 57. Rd1 Bc3 58. Kd3 a1=Q 59.
Rxa1 Bxa1 60. Ke3 Ke5 61. Ke2 Kf4 62. Kd3 Kxf3 63. e5 Bxe5 64. Kd2 Ke4 65. Ke2
Rc2+ 66. Kd1 Rb2 67. Kc1 Kd3 68. Kd1 Rb1# 0-1

[Event "Paul Keres mem. (45th) Online"]
[Site "chess.com"]
[Date "2021.05.22"]
[Round "3.9"]
[White "Mok, Gillian"]
[Black "Jose, Marionito"]
[Result "1/2-1/2"]
[WhiteElo "1556"]
[BlackElo "1719"]
[PlyCount "79"]
[EventDate "2021.05.22"]
[EventType "swiss (rapid)"]
[EventRounds "6"]
[EventCountry "CAN"]

1. e4 c5 2. Nf3 g6 3. d4 cxd4 4. Nxd4 Nc6 5. Nc3 Bg7 6. Be3 Nf6 7. Be2 O-O 8.
O-O d6 9. Kh1 Bd7 10. f4 Nxd4 11. Bxd4 Bc6 12. Bf3 Qc7 13. e5 Bxf3 14. Qxf3 Nd7
15. exd6 Qxd6 16. Bxg7 Kxg7 17. Rad1 Qc7 18. f5 Nf6 19. Nd5 Nxd5 20. Rxd5 f6
21. Qd3 Rad8 22. fxg6 Rxd5 23. Qxd5 hxg6 24. h3 Rd8 25. Qe4 e5 26. Qh4 Rd6 27.
Qa4 a6 28. c3 Rd2 29. Rd1 Qd6 30. Rxd2 Qxd2 31. Qb3 Qc1+ 32. Kh2 Qf4+ 33. Kg1
Qc1+ 34. Kf2 Qd2+ 35. Kf1 b5 36. Qa3 Qd1+ 37. Kf2 Qd2+ 38. Kf1 Qd1+ 39. Kf2
Qd2+ 40. Kf1 1/2-1/2

[Event "Paul Keres mem. (45th) Online"]
[Site "chess.com"]
[Date "2021.05.22"]
[Round "3.10"]
[White "Leong, Aiden"]
[Black "Tang, Edward"]
[Result "0-1"]
[WhiteElo "1553"]
[BlackElo "1697"]
[PlyCount "68"]
[EventDate "2021.05.22"]
[EventType "swiss (rapid)"]
[EventRounds "6"]
[EventCountry "CAN"]

1. e4 e6 2. d4 d5 3. Nd2 c5 4. c3 Nc6 5. Ngf3 cxd4 6. cxd4 dxe4 7. Nxe4 Be7 8.
Bb5 Nf6 9. Ng3 Qa5+ 10. Bd2 Qxb5 11. Bc3 O-O 12. Qc2 Nb4 13. Qd2 Nd3+ 14. Kd1
Nb4 15. a3 Nbd5 16. Ne5 Bd7 17. Ne2 Rfd8 18. f3 Rac8 19. g4 Qb3+ 20. Ke1 Nxc3
21. Nxc3 Nd5 22. Rc1 Nxc3 23. bxc3 Bf6 24. Nd3 Bb5 25. Nc5 Rxc5 26. dxc5 Bh4+
27. Qf2 Bxf2+ 28. Kxf2 Qb2+ 29. Kg3 Bc6 30. Rb1 Qxc3 31. Rhc1 Qxf3+ 32. Kh4 g5+
33. Kh5 Qf6 34. Rf1 Qg6# 0-1

[Event "Paul Keres mem. (45th) Online"]
[Site "chess.com"]
[Date "2021.05.23"]
[Round "4.1"]
[White "Huang, Patrick"]
[Black "Qiu, Peter Yong"]
[Result "0-1"]
[WhiteElo "2122"]
[BlackElo "2025"]
[PlyCount "82"]
[EventDate "2021.05.22"]
[EventType "swiss (rapid)"]
[EventRounds "6"]
[EventCountry "CAN"]

1. d4 d5 2. Bf4 Nf6 3. e3 Bf5 4. Nf3 e6 5. c4 Bxb1 6. Qxb1 Bb4+ 7. Kd1 Bd6 8.
Bg3 Bxg3 9. hxg3 h6 10. Bd3 dxc4 11. Bxc4 c5 12. Ke2 Nbd7 13. Rd1 Qe7 14. dxc5
Qxc5 15. Qd3 O-O 16. Rac1 Ne5 17. Qb3 Nxc4 18. Rxc4 Qe7 19. Rdc1 b6 20. Nd4 Nd5
21. e4 Nf6 22. Nc6 Qb7 23. f3 Nd7 24. Ne7+ Kh8 25. Rc7 Qa6+ 26. Qc4 b5 27. Qc6
Nb6 28. Kf2 Rad8 29. Qc3 Rd7 30. Qb4 Re8 31. Rxd7 Nxd7 32. a3 Ne5 33. f4 Nd3+
34. Ke3 Nxb4 35. axb4 Rxe7 36. Rc3 Qb6+ 37. Kf3 Rc7 38. Rd3 Kh7 39. Kg4 f5+ 40.
exf5 exf5+ 41. Kh3 Qg1 0-1

[Event "Paul Keres mem. (45th) Online"]
[Site "chess.com"]
[Date "2021.05.23"]
[Round "4.2"]
[White "Qin, Kaiqi"]
[Black "Kenney, Jason"]
[Result "0-1"]
[WhiteElo "1621"]
[BlackElo "2270"]
[PlyCount "58"]
[EventDate "2021.05.22"]
[EventType "swiss (rapid)"]
[EventRounds "6"]
[EventCountry "CAN"]

1. d4 Nf6 2. c4 e6 3. Nc3 Bb4 4. Bd2 d5 5. e3 O-O 6. a3 Be7 7. Nf3 Nbd7 8. c5
c6 9. Bd3 e5 10. dxe5 Ng4 11. b4 Re8 12. O-O Ndxe5 13. Nxe5 Nxe5 14. Qc2 Nxd3
15. Qxd3 b6 16. cxb6 axb6 17. b5 cxb5 18. Qxd5 Be6 19. Qxd8 Rexd8 20. Bc1 b4
21. Ne4 bxa3 22. f4 Bc4 23. Re1 Bb4 24. Bd2 Bxd2 25. Nxd2 Rxd2 26. Rec1 b5 27.
Rc3 a2 28. Ra3 Rxa3 29. Rxa2 Raxa2 0-1